| 000 | 00958nam a2200241Ia 4500 | ||
|---|---|---|---|
| 999 |
_c3582 _d3582 |
||
| 003 | OSt | ||
| 005 | 20200406142838.0 | ||
| 008 | 191128s1989 sp a gr 001 0 spa d | ||
| 020 | _a8471516039 | ||
| 040 |
_aCO-JMCR _cCO-JMCR |
||
| 041 | 0 | _aspa | |
| 082 | 0 | 4 |
_a220.9505 / _bB393 |
| 100 | 1 |
_aBeck, Eleonore, _eautora _92549 |
|
| 245 | 1 | 0 |
_aDios habla a sus hijos / _cEleonore Beck |
| 250 | _adieciseisava edición | ||
| 260 |
_aNavarra : _bEditorial Verbo Divino, _c1989 |
||
| 300 |
_a96 páginas : _bilustraciones a color ; _c19 cm. |
||
| 490 | 0 | _aTextos biblicos | |
| 500 | _aIncluye tabla de contenido. | ||
| 505 | _aLos orígenes -- Dios crea el mundo -- Dios regala los hombres el paraíso -- Los hombres pierden el paraíso -- caín y abel -- nóe y el diluvio -- los patriarcas -- Dios llama a Abrahán -- Dios hace una alianza con Abrahán -- la fe de Abrahán -- Isaac, Esaú | ||
| 650 | 1 | 4 |
_aBiblia Relatos bíblicos _92550 |
| 942 |
_2ddc _cBK |
||